| 000 | 00556nam a2200217Ia 4500 | ||
|---|---|---|---|
| 008 | 230125s9999 xx 000 0 und d | ||
| 020 | _a81-7881-138-3 | ||
| 041 | _aeng | ||
| 082 |
_a658 _bCHO |
||
| 100 |
_aChowdary N V, Ed. _9112777 |
||
| 245 | _aSoft Infrastructure : Promise and Progress | ||
| 250 | _a1st Ed. | ||
| 260 |
_c2005 _bICFAI publication _aHyderabad |
||
| 300 | _a192p | ||
| 440 | _aICFAI | ||
| 500 | _aGeneral Management | ||
| 650 | _aManagement | ||
| 700 |
_aChowdary N V, Ed. _9112777 |
||
| 906 | _b90 | ||
| 999 |
_c89777 _d89777 |
||